Use of different leaves of protein on growth performance of quail at rua, ការប្រើប្រាស់កំរិតប្រូតេអ៊ីនផ្សេងៗគ្នាលើការលូតលាស់របស់ក្រូចនៅសាកលវិទ្យាល័យភូមិន្ទកសិកម្ម (Record no. 2485)

000 -LEADER
fixed length control field 00693nam a22001337a 4500
040 ## - CATALOGING SOURCE
Transcribing agency RUA
082 ## - DEWEY DECIMAL CLASSIFICATION NUMBER
Classification number AVM MAK 2011 B099 Or.1
100 ## - MAIN ENTRY--AUTHOR NAME
Personal name MAK, LEAKENA.
245 ## - TITLE STATEMENT
Title Use of different leaves of protein on growth performance of quail at rua, ការប្រើប្រាស់កំរិតប្រូតេអ៊ីនផ្សេងៗគ្នាលើការលូតលាស់របស់ក្រូចនៅសាកលវិទ្យាល័យភូមិន្ទកសិកម្ម
260 ## - PUBLICATION, DISTRIBUTION, ETC. (IMPRINT)
Place of publication Phnom Penh
Name of publisher RUA
Year of publication 2011
300 ## - PHYSICAL DESCRIPTION
Number of Pages ix; 44p.
Other physical details ill.
Dimensions 29cm.
856 ## - ELECTRONIC LOCATION AND ACCESS
Uniform Resource Identifier https://drive.google.com/file/d/108oK4D6Vkq-FpGqdDwF9HJVYJS5wERDr/view?usp=sharing
942 ## - ADDED ENTRY ELEMENTS (KOHA)
Koha item type AVM
952 ## - LOCATION AND ITEM INFORMATION (KOHA)
Withdrawn status [LOCAL, KOHA] 0
952 ## - LOCATION AND ITEM INFORMATION (KOHA)
Withdrawn status [LOCAL, KOHA] 0
952 ## - LOCATION AND ITEM INFORMATION (KOHA)
Withdrawn status [LOCAL, KOHA] 0
952 ## - LOCATION AND ITEM INFORMATION (KOHA)
Withdrawn status [LOCAL, KOHA] 0
952 ## - LOCATION AND ITEM INFORMATION (KOHA)
Withdrawn status [LOCAL, KOHA] 0
952 ## - LOCATION AND ITEM INFORMATION (KOHA)
Withdrawn status [LOCAL, KOHA] 0
952 ## - LOCATION AND ITEM INFORMATION (KOHA)
Withdrawn status [LOCAL, KOHA] 0
952 ## - LOCATION AND ITEM INFORMATION (KOHA)
Withdrawn status [LOCAL, KOHA] 0
952 ## - LOCATION AND ITEM INFORMATION (KOHA)
Withdrawn status [LOCAL, KOHA] 0
952 ## - LOCATION AND ITEM INFORMATION (KOHA)
Withdrawn status [LOCAL, KOHA] 0
952 ## - LOCATION AND ITEM INFORMATION (KOHA)
Withdrawn status [LOCAL, KOHA] 0
952 ## - LOCATION AND ITEM INFORMATION (KOHA)
Withdrawn status [LOCAL, KOHA] 0
Holdings
Permanent Location Date acquired Koha item type Lost status Shelving location Barcode Current Location Full call number
Library Block B2015-10-21AVM B099RUA017490Library Block BAVM MAK 2011 B099 Or.1
Library Block B2015-10-21AVM B099RUA026548Library Block BAVM MAK 2011 B099 Or.2
Library Block B2015-10-21AVM B099RUA016089Library Block BAVM MAK 2011 B099 Or.3
Library Block B2015-10-21AVM B099RUA026969Library Block BAVM MAK 2011 B099 Or.4
Library Block B2015-10-21AVM B099RUA026615Library Block BAVM MAK 2011 B099 Or.5
Library Block B2015-10-21AVM B099RUA016094Library Block BAVM MAK 2011 B099 Or.6
Library Block B2015-10-21AVM B099RUA015948Library Block BAVM MAK 2011 B099 Or.7
Library Block B2015-10-21AVM B099RUA016073Library Block BAVM MAK 2011 B099 Or.8
Library Block B2015-10-21AVM B099RUA016161Library Block BAVM MAK 2011 B099 Or.9
Library Block B2015-10-21AVM B099RUA026897Library Block BAVM MAK 2011 B099 Or.10
Library Block B2019-06-10AVM B1.234A37731Library Block BAVM MAK 2011 B1.234 Or.1
Library Block B2019-06-10AVM B1.234A37732Library Block BAVM MAK 2011 B1.234 Or.1
មជ្ឈមណ្ឌលឯការនៃសាកលវិទ្យាល័យភូមិន្ទកសិកម្មចំការដូង

Powered by Koha